[Event "Ch team"]
[Site "Ch team"]
[Date "1985.??.??"]
[Round "?"]
[White "Kupreichik, Viktor D"]
[Black "Agzamov, Georgy T"]
[Result "1-0"]
[WhiteElo "2470"]
[BlackElo "2590"]
[PlyCount "95"]
[EventDate "1985.??.??"]
[Source "www.chesslib.no"]
[SourceDate "2004.05.04"]

1. e4 e5 2. Nf3 Nc6 3. Bb5 a6 4. Ba4 Nf6 5. O-O Nxe4 6. d4 b5 7. Bb3 d5 8. dxe5 Be6 9. Re1 Be7 10. c3 Nc5 11. Bc2 Bg4 12. Nbd2 Bh5 13. Nb3 Ne6 14. Bf5 O-O 15. Qd3 Bg6 16. Be3 Bxf5 17. Qxf5 Qd7 18. Ng5 g6 19. Qh3 h5 20. Rad1 Rad8 21. Qg3 Nxg5 22. Bxg5 Bxg5 23. Qxg5 Rfe8 24. f4 a5 25. Rf1 Qe7 26. Qg3 Kh7 27. Qd3 a4 28. Nd4 Nxd4 29. cxd4 c5 30. f5 cxd4 31. fxg6+ fxg6 32. Rf6 Rg8 33. Qxd4 Rgf8 34. Rdf1 Rxf6 35. Rxf6 Rc8 36. e6 Rf8 37. Rxf8 Qxf8 38. Qxd5 Qf4 39. Qd7+ Kh6 40. e7 Qc1+ 41. Kf2 Qxb2+ 42. Kf3 Qc3+ 43. Ke4 Qe1+ 44. Kd5 Qd2+ 45. Kc6 Qxg2+ 46. Kb6 Qf2+ 47. Ka5 Qe1+ 48. Ka6 1-0

[Event "It (open) \\"]
[Site "?"]
[Date "2005.05.15"]
[Round "9"]
[White "Cuartas Jaime Alexander"]
[Black "Korneev Oleg"]
[Result "1/2-1/2"]
[WhiteElo "2447"]
[BlackElo "2611"]
[PlyCount "48"]
[EventDate "2005.??.??"]
[Source "www.chesslib.no"]
[SourceDate "2004.05.04"]

1. e4 e5 2. Nf3 Nc6 3. Bb5 a6 4. Ba4 Nf6 5. O-O Nxe4 6. d4 b5 7. Bb3 d5 8. dxe5 Be6 9. Nbd2 Nc5 10. c3 Be7 11. Bc2 Bg4 12. Re1 O-O 13. Nf1 Re8 14. Bf4 Bh5 15. Ng3 Bg6 16. Nf5 Qd7 17. g4 Rad8 18. Bg5 Qc8 19. N3d4 Nxd4 20. cxd4 Ne6 21. Nxe7+ Rxe7 22. Bf5 Rde8 23. Rc1 Qb7 24. Qd2 Qb6 1/2-1/2

[Event "Linares Anibal op 9th"]
[Site "Linares"]
[Date "2002.03.09"]
[Round "9"]
[White "Handke, Florian"]
[Black "Gyimesi, Zoltan"]
[Result "1/2-1/2"]
[WhiteElo "2450"]
[BlackElo "2606"]
[PlyCount "86"]
[EventDate "2002.03.01"]
[Source "ChessBase"]
[SourceDate "2002.05.03"]

1. e4 e5 2. Nf3 Nc6 3. Bb5 a6 4. Ba4 Nf6 5. O-O Nxe4 6. d4 b5 7. Bb3 d5 8. dxe5 Be6 9. Nbd2 Nc5 10. c3 Bg4 11. Bc2 Ne6 12. Re1 Bc5 13. Nf1 Bh5 14. Ng3 Bg6 15. Nf5 O-O 16. Be3 Qd7 17. Qd2 Rad8 18. Rad1 Rfe8 19. a4 Bxe3 20. Qxe3 bxa4 21. g4 Na5 22. Ra1 Nc4 23. Bxa4 c6 24. Qc1 Nc5 25. Bc2 Qc7 26. Qf4 f6 27. Nxg7 Bxc2 28. Nxe8 Rxe8 29. Qc1 Qc8 30. h3 Bg6 31. exf6 Rf8 32. Qg5 Ne4 33. Rxe4 dxe4 34. Nh4 Qe8 35. Rxa6 Qe5 36. f7+ Rxf7 37. Nf5 e3 38. fxe3 Rd7 39. Rxc6 Rd1+ 40. Kg2 Rd2+ 41. Kf1 Rd1+ 42. Kg2 Rd2+ 43. Kf1 Rd1+ 1/2-1/2

[Event "Vrsac"]
[Site "Vrsac"]
[Date "1983.??.??"]
[Round "?"]
[White "De Firmian, Nick E"]
[Black "Agzamov, Georgy"]
[Result "0-1"]
[WhiteElo "2520"]
[BlackElo "2535"]
[PlyCount "76"]
[EventDate "1983.09.??"]
[Source "ChessBase"]

1. e4 e5 2. Nf3 Nc6 3. Bb5 a6 4. Ba4 Nf6 5. O-O Nxe4 6. d4 b5 7. Bb3 d5 8. dxe5 Be6 9. Nbd2 Nc5 10. c3 Bg4 11. Bc2 Be7 12. h3 Bh5 13. Re1 Qd7 14. Nf1 Rd8 15. Ng3 Bg6 16. Nd4 Nxd4 17. cxd4 Ne6 18. Nf5 c5 19. Be3 Qa7 20. Rc1 Bxf5 21. Bxf5 cxd4 22. Bd2 Qb6 23. Bd3 O-O 24. Qc2 g6 25. f4 Nc5 26. f5 Nxd3 27. Qxd3 gxf5 28. Qxf5 Qg6 29. Qf4 d3 30. Rc7 Qb6+ 31. Re3 Qxc7 32. Bb4 Kh8 33. Rxd3 Qb6+ 34. Kh2 Bxb4 35. Qxb4 Rg8 36. Rf3 Qe6 37. Qd4 Rde8 38. Re3 f6 0-1

[Event "Cappelle la Grande 72/327"]
[Site "?"]
[Date "1998.??.??"]
[Round "?"]
[White "Van den Doel, Erik"]
[Black "Haba, Petr"]
[Result "1-0"]
[WhiteElo "2485"]
[BlackElo "2570"]
[PlyCount "79"]
[EventDate "1998.??.??"]
[Source "ChessBase"]
[SourceDate "1998.02.01"]

1. e4 e5 2. Nf3 Nc6 3. Bb5 a6 4. Ba4 Nf6 5. O-O Nxe4 6. d4 b5 7. Bb3 d5 8. dxe5 Be6 9. Nbd2 Nc5 10. c3 Be7 11. Bc2 Bg4 12. Re1 O-O 13. Nb3 Re8 14. Nxc5 Bxc5 15. Qd3 g6 16. Bf4 Bf5 17. Qd2 Bxc2 18. Qxc2 Qd7 19. Rad1 Nd8 20. h3 Ne6 21. Bh6 Be7 22. Nh2 Qc6 23. Ng4 d4 24. f4 Qc5 25. Kh1 dxc3 26. bxc3 Rad8 27. f5 Rxd1 28. Rxd1 Nd8 29. Be3 Qc4 30. Nh6+ Kh8 31. e6 f6 32. fxg6 Qxe6 33. Bf4 Bd6 34. Bxd6 cxd6 35. gxh7 Nf7 36. Nf5 Qe2 37. Qb3 Ng5 38. Nxd6 Re6 39. Qd5 Qf2 40. Nf7+ 1-0

[Event "XXIII Open"]
[Site "Reykjavik ISL"]
[Date "2008.03.07"]
[Round "5"]
[White "Gaponenko, I."]
[Black "Mikhalevski, V."]
[Result "1/2-1/2"]
[WhiteElo "2422"]
[BlackElo "2632"]
[PlyCount "119"]
[EventDate "2008.03.03"]
[Source "www.chesslib.no"]
[SourceDate "2004.05.04"]

1. e4 e5 2. Nf3 Nc6 3. Bb5 Nf6 4. O-O Nxe4 5. d4 a6 6. Ba4 b5 7. Bb3 d5 8. dxe5 Be6 9. Nbd2 Nc5 10. c3 Bg4 11. Bc2 Ne6 12. Re1 Bc5 13. Nb3 Ba7 14. Be3 Bxe3 15. Rxe3 Ne7 16. h3 Bh5 17. Nbd4 c5 18. Nf5 Nxf5 19. Bxf5 O-O 20. Qd3 Kh8 21. b4 c4 22. Qd2 Bxf3 23. Rxf3 a5 24. bxa5 Nc7 25. Rd1 Qe7 26. Re3 Rxa5 27. Bb1 Qg5 28. Qd4 Qe7 29. Qd2 Raa8 30. f4 f5 31. exf6 Qxf6 32. g3 b4 33. cxb4 d4 34. Re5 Ra3 35. Kh2 d3 36. Qe3 Na8 37. Rd2 h6 38. b5 Qb6 39. Qe4 Qa5 40. Rb2 Qc3 41. Rg2 Nb6 42. Qc6 Qd4 43. Re4 Qd5 44. Qxd5 Nxd5 45. Rxc4 Ne3 46. Rd4 Nxg2 47. Kxg2 Rb8 48. Rxd3 Ra5 49. a4 Rxa4 50. Rb3 Rd4 51. Kf3 Rd6 52. Bd3 Rxd3+ 53. Rxd3 Rxb5 54. g4 Kg8 55. f5 h5 56. Kf4 hxg4 57. hxg4 g6 58. Kg5 gxf5 59. gxf5 Rb6 60. Rd8+ 1/2-1/2

[Event "Komercni Banka op"]
[Site "Pardubice"]
[Date "1999.07.21"]
[Round "6"]
[White "Luther, Thomas"]
[Black "Haba, Petr"]
[Result "1-0"]
[WhiteElo "2507"]
[BlackElo "2544"]
[PlyCount "79"]
[EventDate "1999.07.11"]
[Source "www.chesslib.no"]
[SourceDate "2004.05.04"]

1. e4 e5 2. Nf3 Nc6 3. Bb5 a6 4. Ba4 Nf6 5. O-O Nxe4 6. d4 b5 7. Bb3 d5 8. dxe5 Be6 9. Nbd2 Nc5 10. c3 Bg4 11. Bc2 d4 12. Nb3 d3 13. Bb1 Qd5 14. Nxc5 Bxc5 15. Qxd3 Qxd3 16. Bxd3 O-O-O 17. Be4 Bxf3 18. gxf3 Nxe5 19. b4 Bd6 20. a4 Kd7 21. Be3 g5 22. Bb7 Rb8 23. Bxa6 Nxf3+ 24. Kg2 Nh4+ 25. Kh1 bxa4 26. Bxg5 Nf3 27. Be3 Nxh2 28. Rg1 h5 29. Rxa4 Ng4 30. Bd4 Rhg8 31. Ra5 f6 32. Bb5+ Ke7 33. Re1+ Kf8 34. Bc4 Rg5 35. Rxg5 fxg5 36. Re6 Ra8 37. f3 Ra1+ 38. Kg2 Nh2 39. Be5 Rg1+ 40. Kxh2 1-0